Loading...
Science - Chemistry | 0 | 5 | 1 | 0 | 45 | 102 | 112.80 | 1 | 1 |
Philosophy | 0 | 5 | 1 | 3 | 45 | 85 | 105.40 | 0 | 4 |
Fine Arts - Other Arts | 2 | 1 | 0 | 0 | 40 | 62 | 77.67 | 1 | 2 |
Science - Biology | 0 | 3 | 0 | 1 | 30 | 92 | 103.00 | 3 | 3 |
Beliefs | 0 | 3 | 1 | 1 | 25 | 99 | 117.67 | 0 | 1 |
History - World History | 0 | 2 | 0 | 0 | 20 | 109 | 110.50 | 0 | 2 |
Science - Other Science | 0 | 2 | 0 | 1 | 20 | 128 | 130.50 | 0 | 0 |
Science - Physics | 0 | 2 | 0 | 1 | 20 | 88 | 108.50 | 0 | 1 |
Visual Arts | 1 | 0 | 0 | 0 | 15 | 77 | 77.00 | 0 | 1 |
Literature - European Literature | 0 | 2 | 1 | 0 | 15 | 91 | 103.00 | 0 | 1 |
Geography | 0 | 1 | 0 | 1 | 10 | 134 | 134.00 | 0 | 0 |
Auditory Arts | 0 | 1 | 0 | 0 | 10 | 125 | 125.00 | 0 | 0 |
Literature - American Literature | 0 | 1 | 0 | 0 | 10 | 121 | 121.00 | 0 | 1 |
Literature - World Literature | 0 | 1 | 0 | 0 | 10 | 91 | 91.00 | 1 | 1 |
History - American History | 0 | 2 | 3 | 0 | 5 | 85 | 101.50 | 1 | 2 |
Social Science | 0 | 1 | 1 | 0 | 5 | 106 | 106.00 | 0 | 1 |
Literature - British Literature | 0 | 0 | 1 | 0 | -5 | 0.00 | 0 | 0 |